| 000 | 01335cam a22003372 4500 | ||
|---|---|---|---|
| 001 | 0000021525 | ||
| 005 | 20151217145939.0 | ||
| 008 | 120710s xx 000 0 eng d | ||
| 020 | _a0406904140 : | ||
| 040 |
_aKABU _cKABU |
||
| 100 | 1 |
_aCooke, John. _@0000182443 |
|
| 245 | 1 | 4 |
_aThe common law of obligations / _cJohn Cooke, David Oughton. |
| 250 | _a3rd ed. | ||
| 260 |
_aOxford : _bO. U. P, _c2000. |
||
| 300 | _alviii, 676 p. | ||
| 650 | 0 |
_aObligations (law) _zGreat Britain. _@0000182444 |
|
| 650 | 0 |
_aLiability (Law) _zGreat Britain. _@0000182198 |
|
| 650 | 0 |
_aDamages _zGreat Britain. _@0000182445 |
|
| 700 | 1 |
_aOughton, David. _@0000182287 |
|
| 852 | 1 | _9p5,655 KES | |
| 852 | 1 | _9p5,655 KES | |
| 852 | 1 | _9p5,655 KES | |
| 852 | 1 | _9p5,655 KES | |
| 852 | 1 | _9p5,655 KES | |
| 852 | 1 | _9p12538 KES | |
| 852 | 1 | _9p8483 KES | |
| 852 | 1 | _9p8483 KES | |
| 852 | 1 | _9p8483 KES | |
| 908 | _a120710 | ||
| 950 | _@1 | ||
| 999 |
_c4350 _d4350 |
||